Risultati della Roma in UEFA Europa Conference League 2021-2022 - Statistics

Statistiche generali
  • Questo quiz è stato fatto 20 volte
  • Il punteggio medio è 10 su 13
Statistiche sulle risposte
Hint Risposta % Corretto
Bodø/Glimt - Roma (Gironi) 6-1
95%
Roma - Feyenoord 1-0
89%
Roma - Bodø/Glimt (Quarti di finale) 4-0
89%
Roma - Leicester City 1-0
84%
Leicester City - Roma 1-1
84%
Roma - Bodø/Glimt (Gironi) 2-2
74%
Zorja - Roma 0-3
68%
Bodø/Glimt - Roma (Quarti di finale) 2-1
68%
Roma - Zorja 4-0
68%
Vitesse - Roma 0-1
63%
Roma - Vitesse 1-1
63%
CSKA Sofia - Roma 2-3
53%
Roma - CSKA Sofia 5-1
53%
Nessun quiz corrispondente trovato
Distribuzione punteggi
Percentuale di utenti per punteggio
Percentile per numero di risposta
I tuoi punteggi nel tempo
Non hai fatto questo quiz